Animals of the world : Book 1 (Record no. 1332535)

MARC details
000 -LEADER
fixed length control field 00483nam a2200169Ia 4500
005 - DATE AND TIME OF LATEST TRANSACTION
control field 20250508151844.0
008 - FIXED-LENGTH DATA ELEMENTS--GENERAL INFORMATION
fixed length control field 008 250505s9999 xx 000 0 eng d
037 ## - SOURCE OF ACQUISITION
Stock number Textual
040 ## - CATALOGING SOURCE
Original cataloging agency FEDL
Language of cataloging eng
Transcribing agency FEDL
041 ## - LANGUAGE CODE
Language code of text/sound track or separate title eng
Source of code eng
084 ## - COLON CLASSIFICATION NUMBER
Classification number 591.5, OSM
Assigning agency FEDL
100 ## - MAIN ENTRY--PERSONAL NAME
Personal name Osmond Edward
9 (RLIN) 760163
245 #0 - TITLE STATEMENT
Title Animals of the world : Book 1
260 ## - PUBLICATION, DISTRIBUTION, ETC.
Place of publication, distribution, etc. Bungay, United Kingdom
Name of publisher, distributor, etc. Richard Clay & Co. Ltd
942 ## - ADDED ENTRY ELEMENTS (KOHA)
Koha item type Textual
Classification part 591.5, OSM
Holdings
Withdrawn status Lost status Damaged status Not for loan Home library Current library Date acquired Total Checkouts Full call number Barcode Date last seen Price effective from Koha item type
        Department of Education Library Department of Education Library 2025-05-08   591.5, OSM EL0013733 2025-05-08 2025-05-08 Textual
Copyright @ Delhi University Library System